Parole italiane che derivano da lingue germaniche - Statistics

Statistiche generali
  • Questo quiz è stato fatto 49 volte
  • Il punteggio medio è 6 su 10
Statistiche sulle risposte
Indizio Parola Lingua % Corretto
Piccola imbarcazione che si usa per le comunicazioni tra una nave e il molo o per abbandonare l'imbarcazione nel caso affondi: in tal caso, viene detta "di salvataggio". Scialuppa Olandese
89%
Tratto di costa marina che entra in profondità in un entroterra montuoso, caratteristico del litorale norvegese, groenlandese e galiziano. Fiordo Norvegese
80%
Grosso agrume, dalla buccia gialla e dalla polpa gialla o rosata, utilizzato anche per la preparazione di una bevanda rinfrescante. Pompelmo Olandese
77%
Violento getto di acqua bollente, naturalmente riscaldata, che viene eiettato da una fessura nel terreno. Geyser Islandese
71%
Disciplina dello sci alpino in cui le porte sono più ravvicinate rispetto alle altre; più in generale, un qualunque percorso che preveda una rapida serie di cambiamenti di direzione. Slalom Norvegese
71%
Cetaceo dei mari artici, caratterizzato da un lungo corno sulla fronte. Narvalo Danese
60%
Appartenente alle bellicose popolazioni germaniche dello Jutland e della Scandinavia che tra il IX e l'XI secolo terrorizzarono le coste europee e si espansero in diverse regioni del continente. Vichingo Norvegese
60%
Merluzzo conservato intero (senza testa e viscere) fatto disseccare all'aria. Famoso è quello preparato alla vicentina, detto anche in veneto "baccalà". Stoccafisso Olandese
54%
Colono europeo, di origine soprattutto olandese, tedesca o scandinava, abitante nell'Africa meridionale. Boero Olandese
43%
Metallo grigio (numero atomico 28) utilizzato per numerosi processi industriali, quali batterie, leghe d'acciaio, monete, e che è anche variamente presente in diversi alimenti. Nichel Svedese
34%
Nessun quiz corrispondente trovato
Distribuzione punteggi
Percentuale di utenti per punteggio
Percentile per numero di risposta
I tuoi punteggi nel tempo
Non hai fatto questo quiz